000
00308nam a22001337a 4500
008
170616b xxu||||| |||| 00| 0 eng d
020
_a
9781568026268
041
_a
eng
080
_a
327
100
_a
20
101
_a
SHP
245
_a
FOREIGN IN COMPARATIVE PERSPECTIVE
_c
BEASLEY.R.K
942
_2
udc
_c
BK
999
_c
17941
_d
17941